01362nam a2200361 i 4500001000700000003000800007005001700015006001900032007001500051008004100066020001800107035002200125040003100147050002200178080000800200082001600208100003300224245013900257264003600396300006300432336003100495337003300526338004300559490003900602504004300641588008300684650002800767650002900795655002700824700004600851830004000897856006300937114412FINmELB20241217174509.0m o u cr cn|||||||||200925s2018 ck a ob 000 0 spa d z9789586603294 a(OCoLC)1199300940 aFINmELBbspaerdacFINmELB14aLC1059bA282 2018 a37804a378.0132231 aAgudelo Cely, Nubia Cecilia.10aConversación y convivencia :bcompromisos en procesos de formación /cNubia Cecilia Agudelo Cely, Norman Estupiñán Quiñones. 1aTunja :bEditorial UPTC,c2018. a1 recurso en línea (90 páginas) :bilustraciones color atextobtxt2rdacontent/spa acomputadorabc2rdamedia/spa arecurso en líneabcr2rdacarrier/spa1 aColección investigación ;v199 aContiene referencias bibliográficas. aDescripción basada en metadatos suministrados por el editor y otras fuentes. 0aProfessional education. 4aFormación profesional. 4aLibros electrónicos.1 aEstupiñán Quiñones, Norman,eautor. 0aColección investigación ;v199.40uhttps://elibro.net/ereader/politecnicointernacional/132828